Normal view
MARC view
- Fault Detectability in Dwdm
Entry Topical Term
001 - CONTROL NUMBER
- control field: 123410
003 - CONTROL NUMBER IDENTIFIER
- control field: NUST
005 - DATE AND TIME OF LATEST TRANSACTION
- control field: 20240610142609.0
008 - FIXED-LENGTH DATA ELEMENTS
- fixed length control field: 240610|| aca||aabn | a|a d
040 ## - CATALOGING SOURCE
- Original cataloging agency: NUST
- Transcribing agency: NUST
150 ## - HEADING--TOPICAL TERM
- Topical term or geographic name entry element: Fault Detectability in Dwdm
670 ## - SOURCE DATA FOUND
- Source citation: Work cat.: (NUST): Kartalopoulos ,Stamatios .V 55545, Fault Detectability in Dwdm:, 2001.
